00395pab a2200133 454500008004000000100002200040245008400062260000900146300001300155362001100168650002800179650002000207773003400227180718b2014 xxu||||| |||| 00| 0 eng d aKumar, P.J. Dilip aClimate change, forest carbon sequestration and REED-plus: The context of India c2014 ap.22-25. a24 May aClimatic change - India aClimatic change aEconomic and Political Weekly